|
|
|
|
| LEADER |
02022nam a2200493 a 4500 |
| 001 |
nkc20071762517 |
| 003 |
CZ PrNK |
| 005 |
20080319111428.0 |
| 007 |
ta |
| 008 |
071106s2007 xr ac f 100 0 cze |
| 015 |
|
|
|a cnb001762517
|
| 020 |
|
|
|a 978-80-254-0852-0
|q (brož.)
|
| 035 |
|
|
|a (OCoLC)228597176
|
| 040 |
|
|
|a BOA001
|b cze
|d ABA001
|
| 041 |
0 |
|
|a cze
|a slo
|
| 043 |
|
|
|a e-xr---
|
| 072 |
|
7 |
|a 347.9
|x Občanské soudní řízení. Soudnictví
|2 Konspekt
|9 16
|
| 080 |
|
|
|a 342.565.5
|2 MRF
|
| 080 |
|
|
|a 347.99
|2 MRF
|
| 080 |
|
|
|a 347.965
|2 MRF
|
| 080 |
|
|
|a (437.3)
|2 MRF
|
| 080 |
|
|
|a (062.534)
|2 MRF
|
| 111 |
2 |
|
|a Konference o nezávislosti justice - předpokladu spravedlivého procesu
|d (2006 :
|c Praha, Česko)
|7 kn20080115028
|
| 245 |
1 |
0 |
|a Sborník: Konference o nezávislosti justice - předpokladu spravedlivého procesu :
|b Praha, 19.-20. října 2006 /
|c uspořádala Česká advokátní komora
|
| 246 |
3 |
0 |
|a Konference o nezávislosti justice - předpokladu spravedlivého procesu
|
| 260 |
|
|
|a Praha :
|b Česká advokátní komora,
|c 2007
|
| 300 |
|
|
|a 128 s. :
|b il., portréty ;
|c 25 cm
|
| 504 |
|
|
|a Obsahuje bibliografické odkazy
|
| 546 |
|
|
|a Část. slovenský text
|
| 650 |
0 |
7 |
|a nezávislost soudců
|7 ph123287
|z Česko
|2 czenas
|
| 650 |
0 |
7 |
|a soudnictví
|7 ph125852
|z Česko
|2 czenas
|
| 650 |
0 |
7 |
|a advokacie
|7 ph118268
|z Česko
|2 czenas
|
| 650 |
0 |
9 |
|a judicial independence
|z Czechia
|2 eczenas
|
| 650 |
0 |
9 |
|a administration of justice
|z Czechia
|2 eczenas
|
| 650 |
0 |
9 |
|a practice of law
|z Czechia
|2 eczenas
|
| 655 |
|
7 |
|a sborníky konferencí
|7 fd133333
|2 czenas
|
| 655 |
|
9 |
|a proceedings of conferences
|2 eczenas
|
| 710 |
2 |
|
|a Česká advokátní komora
|7 kn20020321245
|
| 856 |
4 |
1 |
|u http://www.digitalniknihovna.cz/mzk/uuid/uuid:1b2db2c0-6e32-11e8-9690-005056827e51
|y Digitalizovaný dokument
|x NDK
|
| 910 |
2 |
|
|a BOA001
|b 3-1190.944
|
| 990 |
|
|
|a BK
|
| 995 |
|
|
|a 01
|
| 991 |
|
|
|b 200801
|c NOV
|
| 996 |
6 |
|
|b 2610327783
|c 3-1190.944
|l MZK
|r Sklad / do 1 hodiny
|n 5
|p p.v.
|w 000878686
|u 000010
|a 1
|e BOA001
|j MZK50
|s P
|